[Event "SportAccord Blitz 2014"]
[Site "Beijing CHN"]
[Date "2014.12.13"]
[Round "6.8"]
[White "Dominguez Perez,L"]
[Black "Mamedyarov,S"]
[Result "0-1"]
[WhiteElo "2726"]
[BlackElo "2765"]

1.e4 e5 2.Nf3 Nc6 3.Bb5 a6 4.Ba4 Nge7 5.Bb3 Ng6 6.d4 exd4 7.O-O Be7 8.Nxd4 Na5
9.Nf5 O-O 10.Nc3 Nxb3 11.axb3 Bf6 12.Nd5 d6 13.Nfe3 Re8 14.Nxf6+ Qxf6 15.Nd5 Qd8
16.f3 Be6 17.c4 Kh8 18.Bd2 f5 19.exf5 Bxf5 20.Bc3 c6 21.Ba5 Qg5 22.Bd2 Qd8
23.Ba5 Qg5 24.f4 Qh4 25.Nc7 Nxf4 26.Qxd6 Ne2+ 27.Kh1 Rad8 28.Qc5 Ng3+ 29.Kg1 Ne2+
30.Kh1 Rf8 31.Ne6 Ng3+ 32.Kg1 Ne2+ 33.Kh1 b6 34.Bxb6 Ng3+ 35.Kg1 Ne2+ 36.Kh1 Rf6
37.Qe5 Rxe6 38.Qxf5 Ng3+ 39.Kg1 Nxf5 40.Bxd8 Qxd8 41.Rxf5 Qd4+ 42.Kh1 h6
43.Rfa5 Qxb2 44.Rxa6 Qxb3 45.c5 Qc3 46.h3 Qxc5  0-1

[Event "SportAccord Blitz 2014"]
[Site "Beijing CHN"]
[Date "2014.12.13"]
[Round "7.8"]
[White "Mamedyarov,S"]
[Black "Harikrishna,P"]
[Result "1-0"]
[WhiteElo "2765"]
[BlackElo "2727"]

1.e4 e5 2.Nc3 Nf6 3.g3 Bc5 4.Bg2 d6 5.Nge2 a6 6.d3 Nc6 7.O-O h5 8.Bg5 Be6
9.Nd5 h4 10.gxh4 Bxd5 11.exd5 Nd4 12.Ng3 Nb5 13.c3 Na7 14.Ne4 Rh6 15.d4 Bb6
16.a4 Nc8 17.Bxh6 gxh6 18.Qf3 Nxe4 19.Qxe4 Qf6 20.Rae1 Ne7 21.dxe5 dxe5 22.Qxe5 Qxh4
23.Re4 Qg5 24.Qh8+ Kd7 25.Qxa8  1-0

[Event "SportAccord Blitz 2014"]
[Site "Beijing CHN"]
[Date "2014.12.13"]
[Round "8.6"]
[White "Mamedyarov,S"]
[Black "Bacrot,E"]
[Result "1-0"]
[WhiteElo "2765"]
[BlackElo "2718"]

1.d4 Nf6 2.c4 g6 3.Nc3 Bg7 4.Nf3 O-O 5.Bg5 d6 6.Qd2 c5 7.d5 Bf5 8.Bh6 e5
9.Bxg7 Kxg7 10.Nh4 Ne4 11.Nxf5+ gxf5 12.Nxe4 fxe4 13.g4 Qh4 14.Qe3 Nd7 15.Rg1 Kh8
16.Rg3 f5 17.gxf5 Nf6 18.O-O-O Qxh2 19.Bh3 Rg8 20.Qh6 Rxg3 21.fxg3 Ng8 22.Qxd6 Qxg3
23.Kb1 Re8 24.f6 Nh6  1-0

[Event "SportAccord Blitz 2014"]
[Site "Beijing CHN"]
[Date "2014.12.13"]
[Round "9.7"]
[White "Wang Hao"]
[Black "Mamedyarov,S"]
[Result "1-0"]
[WhiteElo "2710"]
[BlackElo "2765"]

1.Nf3 Nf6 2.c4 b6 3.Nc3 Bb7 4.d4 g6 5.d5 Bg7 6.e4 O-O 7.Be2 e6 8.O-O d6 9.Nd4 Re8
10.f3 c6 11.dxc6 Nxc6 12.Ndb5 d5 13.cxd5 exd5 14.exd5 Nxd5 15.Nxd5 Nd4 16.Nxd4 Qxd5
17.Nb3 Qh5 18.Rf2 Rad8 19.Qf1 a5 20.Bb5 Re5 21.a4 Bd5 22.Nd2 Qh4 23.Re2 Qd4+
24.Kh1 Rh5 25.Qg1 Qh4 26.Nf1 Be5 27.Be3 Rd6 28.Rd1 Bxf3 29.Rxd6 Bxe2 30.Bxe2 Bxd6
31.Bxh5 Qxh5 32.Bxb6 Qe2 33.Bd4 Qc4 34.Bc3 Qxa4 35.Qf2 Bb4 36.Bf6 Qd1 37.Kg1 a4
38.Qf3 Bc5+ 39.Kh1 Qc1 40.h3 h5 41.h4 Qc4 42.Kh2 Bd6+ 43.Ng3 Kh7 44.Bc3 Qxh4+
45.Kg1 Bc5+ 46.Kf1 Qe7 47.Ne4 f5 48.Nf6+ Kh6 49.Qf4+ g5 50.Qxf5 Qf7 51.Ng4+  1-0

[Event "SportAccord Blitz 2014"]
[Site "Beijing CHN"]
[Date "2014.12.13"]
[Round "10.3"]
[White "Mamedyarov,S"]
[Black "Ponomariov,R"]
[Result "0-1"]
[WhiteElo "2765"]
[BlackElo "2714"]

1.d4 d5 2.c4 e6 3.Nc3 Nf6 4.cxd5 exd5 5.Bg5 c6 6.Qc2 h6 7.Bh4 g6 8.e3 Bf5
9.Bd3 Bxd3 10.Qxd3 Nbd7 11.Nge2 Bg7 12.f3 O-O 13.e4 dxe4 14.fxe4 c5 15.O-O cxd4
16.Qxd4 Qb6 17.Qxb6 axb6 18.Rad1 Rfe8 19.Rd6 g5 20.Bg3 Re6 21.e5 Rxd6 22.exd6 Nc5
23.Rd1 Rd8 24.Bf2 Nfe4 25.Bxc5 Nxc5 26.Ng3 Be5 27.Nf5 h5 28.Nd5 b5 29.Re1 f6
30.Rd1 Kf7 31.h3 Ke6 32.g4 hxg4 33.hxg4 Ne4 34.Nc7+ Kd7 35.Nxb5 Bxb2 36.Re1 Re8
37.Kg2 Re5 38.a4 Nc3 39.Rh1 Nxb5 40.Rh7+ Kc6 41.axb5+ Rxb5 42.d7 Kc7 43.Ne3 Bd4
44.Nc4 Rd5 45.Rg7 Rxd7 46.Rg8 b5 47.Nd2 Be5 48.Nf3 Rd5 49.Kf2 b4 50.Rg7+ Kc6
51.Rg8 b3 52.Rc8+ Kb5 53.Ke3 Kb4 54.Nd2 b2 55.Rc4+ Kb5 56.Rc2 Rxd2  0-1

[Event "SportAccord Blitz 2014"]
[Site "Beijing CHN"]
[Date "2014.12.13"]
[Round "12.5"]
[White "Mamedyarov,S"]
[Black "Nepomniachtchi,I"]
[Result "1-0"]
[WhiteElo "2765"]
[BlackElo "2714"]

1.d4 Nf6 2.c4 g6 3.Nc3 d5 4.Nf3 Bg7 5.cxd5 Nxd5 6.Bg5 c5 7.Rc1 Nxc3 8.bxc3 O-O
9.Qd2 Nc6 10.d5 Ne5 11.Nxe5 Bxe5 12.e4 Qc7 13.Bh6 Rd8 14.f4 Bg7 15.Bxg7 Kxg7
16.Be2 e5 17.O-O exf4 18.Rxf4 Bd7 19.Rcf1 Be8 20.Rh4 Kg8 21.Qh6 f5 22.exf5 Qg7
23.Qg5 Bf7 24.f6 Qf8 25.c4 b5 26.Rf3 Rd7 27.Rfh3 Be8 28.Bg4 Rb7 29.Be6+ Kh8
30.f7 Rxf7 31.Qe5+  1-0

[Event "SportAccord Blitz 2014"]
[Site "Beijing CHN"]
[Date "2014.12.13"]
[Round "14.2"]
[White "Mamedyarov,S"]
[Black "Wang Yue"]
[Result "1-0"]
[WhiteElo "2765"]
[BlackElo "2720"]

1.e4 c5 2.Nc3 Nc6 3.g3 g6 4.Bg2 Bg7 5.f4 d6 6.Nf3 e6 7.d3 Nge7 8.O-O Rb8
9.Be3 O-O 10.Qd2 b6 11.d4 Ba6 12.Rfd1 Qc7 13.f5 exf5 14.Bh6 Rfe8 15.Bxg7 Kxg7
16.d5 Nd4 17.Nxd4 cxd4 18.Qxd4+ Kg8 19.Kh1 Rbc8 20.Re1 Qd8 21.Bh3 Rc4 22.Qd2 Bb7
23.exf5 Nxf5 24.Bxf5 Rxe1+ 25.Rxe1 gxf5 26.Qd3 Rg4 27.Qxf5 Rg5 28.Qf3 Kg7
29.Kg1 Bc8 30.Ne4 Re5 31.Re2 Bf5 32.Nc3 Qf6 33.Rxe5 Qxe5 34.Kf2 Bxc2 35.Qe3 Kf6
36.Nb5 a6 37.Nd4 Be4 38.Ne2 Bg6 39.Qxb6 Qxd5 40.Qd4+ Qxd4+ 41.Nxd4 Ke5 42.Ke3 Kd5
43.h4 Kc4 44.Ne2 d5 45.b3+ Kc5 46.g4 Bb1 47.a3 a5 48.g5 Bc2 49.Nd4 Bd1 50.Kd3 Bh5
51.Kc3 Bg6 52.Nf3 Bh5 53.b4+ axb4+ 54.axb4+ Kd6 55.Nd4 Bg4 56.Kd3 Bd7 57.Ke3 Ke5
58.b5 Kd6 59.Kf4 Bc8 60.h5 Bd7 61.h6 Bc8 62.b6 Ba6 63.Nf5+ Ke6 64.Ng7+ Kd6
65.Ne8+ Kc6 66.Ke5 Bd3 67.Nf6 Kxb6 68.Nxd5+ Kc6 69.Nf6 Bb1 70.Nh5 Kd7 71.Kf6 Bg6
72.Nf4  1-0

[Event "SportAccord Blitz 2014"]
[Site "Beijing CHN"]
[Date "2014.12.13"]
[Round "16.4"]
[White "Wojtaszek,R"]
[Black "Mamedyarov,S"]
[Result "1-0"]
[WhiteElo "2744"]
[BlackElo "2765"]

1.Nf3 Nf6 2.c4 b6 3.d4 Bb7 4.Nc3 g6 5.Qc2 Bg7 6.e4 O-O 7.Be2 d6 8.O-O Nbd7
9.Rd1 Qc8 10.Bf1 e5 11.Bg5 exd4 12.Nxd4 Re8 13.f3 a6 14.Rac1 Ne5 15.Nd5 Ned7
16.Qf2 c5 17.Nxf6+ Nxf6 18.Ne2 Qe6 19.Nc3 h6 20.Be3 Kh7 21.Rd2 Rad8 22.a4 Nh5
23.g4 Nf6 24.Rcd1 Ng8 25.Bf4 Bd4 26.Rxd4 cxd4 27.Qxd4 Nf6 28.Bg2 Nd7 29.Nd5 Bxd5
30.cxd5 Qe7 31.Bd2 Rc8 32.Bc3 Ne5 33.f4 Rc4 34.Qd2 Nxg4 35.Qe2 Qh4 36.h3 Rxc3
37.bxc3 Nf6 38.Qe3 Qh5 39.Qf3 Qxf3 40.Bxf3 Nxe4 41.Bxe4 Rxe4 42.Rb1 Rxf4
43.Rxb6 Rxa4 44.Rxd6 Kg7 45.Kf2 a5 46.Ke3 Ra1 47.Ra6 a4 48.Kd4 a3 49.Kc5 f5
50.d6 f4 51.d7 Rd1 52.Kc6 f3 53.Ra7 Kf6 54.Ra8 Ke7  1-0

[Event "SportAccord Blitz 2014"]
[Site "Beijing CHN"]
[Date "2014.12.13"]
[Round "17.5"]
[White "Mamedyarov,S"]
[Black "Leko,P"]
[Result "1-0"]
[WhiteElo "2765"]
[BlackElo "2723"]

1.b3 d5 2.Bb2 c6 3.e3 Nf6 4.f4 g6 5.Nf3 Bg4 6.Be2 Bg7 7.Ne5 Bxe2 8.Qxe2 Nbd7
9.d3 Nxe5 10.Bxe5 a5 11.a4 O-O 12.Nd2 Nd7 13.Bxg7 Kxg7 14.O-O Qb6 15.Rae1 Rae8
16.Kh1 Qc5 17.Nf3 Qc3 18.e4 dxe4 19.dxe4 Rd8 20.h3 Nf6 21.g4 Rd7 22.e5 Nd5
23.f5 e6 24.Ng5 Re8 25.Rf3 Qd4 26.fxe6 fxe6 27.Ref1 h6 28.Rf8 Rde7 29.Nxe6+  1-0

[Event "SportAccord Blitz 2014"]
[Site "Beijing CHN"]
[Date "2014.12.13"]
[Round "19.4"]
[White "Mamedyarov,S"]
[Black "Gelfand,B"]
[Result "1-0"]
[WhiteElo "2765"]
[BlackElo "2743"]

1.d4 d5 2.c4 c6 3.Nf3 Nf6 4.Nbd2 g6 5.e3 Bg7 6.Bd3 c5 7.cxd5 Nxd5 8.O-O cxd4
9.exd4 O-O 10.h3 Nc6 11.Nb3 b6 12.Re1 Bb7 13.Bg5 Qd6 14.a3 Rad8 15.Qd2 f6
16.Bh4 Qd7 17.Rac1 e6 18.Bg3 Nce7 19.Qe2 Nf5 20.Bh2 Rfe8 21.Bb5 Qf7 22.Bxe8 Rxe8
23.Nbd2 g5 24.Ne4 h5 25.Qd3 g4 26.Nfd2 Bh6 27.Rcd1 gxh3 28.Qxh3 Kh7 29.Nc4 Nf4
30.Bxf4 Bxf4 31.d5 Bc8 32.Qf3 e5 33.Ncd6 Nxd6 34.Nxd6 Qg6 35.Nxe8 Qxe8 36.Qxf4  1-0

[Event "SportAccord Blitz 2014"]
[Site "Beijing CHN"]
[Date "2014.12.13"]
[Round "20.1"]
[White "Grischuk,A"]
[Black "Mamedyarov,S"]
[Result "1-0"]
[WhiteElo "2810"]
[BlackElo "2765"]

1.d4 Nf6 2.c4 b6 3.Nf3 Bb7 4.g3 g6 5.Bg2 Bg7 6.O-O O-O 7.Qc2 d6 8.Nc3 Nbd7
9.Rd1 Re8 10.e4 Qc8 11.h3 e5 12.d5 a5 13.Be3 h6 14.a3 Ba6 15.Nd2 Nh7 16.b4 h5
17.h4 Ndf6 18.f3 Kh8 19.c5 bxc5 20.bxc5 dxc5 21.Na4 Nd7 22.Rac1 Bf8 23.Nxc5 Nxc5
24.Bxc5 Bh6 25.Bf2 Re7 26.Qc3 f5 27.Rc2 f4 28.Nc4 Bg7 29.Nxa5 g5 30.Nc6 Re8
31.Nb4 gxh4 32.gxh4 Bb5 33.Rdc1 Rg8 34.Qxc7 Qe8 35.Kh2 Bf6 36.Bh3 Rxa3 37.Rc3 Ra4
38.Nc6 Ra2 39.R1c2 Ra1 40.Bf5 Rg7 41.Qc8 Qxc8 42.Bxc8 Bf1 43.Bb6 Bxh4 44.Rc1 Rg2+
45.Kh1 Raa2 46.Bg1 Rgd2 47.Rxf1 Ng5 48.Nxe5 Bg3 49.Bf5 h4 50.d6 h3 51.Ng4 h2
52.Bc5 Nh3 53.d7 Kg7 54.e5 Ng1 55.Rd3 Rdc2 56.d8=Q  1-0

[Event "SportAccord Blitz 2014"]
[Site "Beijing CHN"]
[Date "2014.12.13"]
[Round "22.7"]
[White "Harikrishna,P"]
[Black "Mamedyarov,S"]
[Result "1/2-1/2"]
[WhiteElo "2727"]
[BlackElo "2765"]

1.Nf3 Nf6 2.g3 b6 3.Bg2 Bb7 4.O-O g6 5.b3 Bg7 6.Bb2 O-O 7.c4 c5 8.Nc3 Nc6
9.d4 cxd4 10.Nxd4 Rc8 11.Rc1 d6 12.Qd2 Qd7 13.Nc2 Rfd8 14.Ne3 e6 15.Rfd1 Ne5
16.Nb5 Bxg2 17.Kxg2 a6 18.Bxe5 axb5 19.Bb2 bxc4 20.bxc4 h5 21.f3 b5 22.Qd3 b4
23.a3 bxa3 24.Bxa3 Qa7 25.c5 d5 26.Bb2 Rc6 27.Bd4 Ne8 28.Bxg7 Nxg7 29.Qb5 Rdc8
30.Ra1 Qxc5 31.Qxc5 Rxc5 32.Kf2 Ne8 33.Ra7 Nd6 34.Rb1 d4 35.Ng2 Rc2 36.Ne1 Rd2
37.Rb6 Nf5 38.Rbb7 Nh6 39.Rc7 Rd8 40.Rd7 Rxd7 41.Rxd7 Nf5 42.Nd3 Kf8 43.g4 hxg4
44.fxg4 Ne3 45.Rxd4 Nd5 46.Ra4 Rxe2+ 47.Kxe2 Nc3+ 48.Ke3 Nxa4 49.Ne5 Nb6
50.g5 Ke7 51.h4 Nd7 52.Nc6+ Kd6 53.Nd8 Ne5 54.Ke4 Kd7 55.Nb7 Nc6 56.Nc5+ Kd6
57.Nb7+ Ke7 58.Nc5 Nb4 59.Nb3 Nd5 60.Nd4 Nc7 61.Ke5 Nd5 62.Nc6+ Kd7 63.Nd4 Ke7
64.Nc6+ Ke8 65.Nd4 Kf8 66.Nc6 Ne7 67.Nd8 Ke8 68.Nb7 Nf5 69.Kf6 Kf8 70.Nd8 Nd6
71.Ke5 Ne8 72.Nb7 Ke7 73.Na5 Ng7 74.Nc6+ Kd7 75.Nb8+ Ke8 76.Kf6 Nh5+ 77.Ke5 Ng3
78.Nc6 Nf5 79.Kf6 Nd6 80.Ne5 Kf8 81.Nd7+ Kg8 82.Ne5 Kf8 83.Nd7+ Ke8 84.Ne5 Ne4+
85.Kg7 Nd6 86.Kf6 Kf8 87.Nd7+ Kg8 88.Ne5 Kh7 89.Ke7 Nf5+ 90.Kxf7 Nxh4 91.Kxe6 Ng2
92.Kf6 Nf4 93.Nxg6  1/2-1/2

[Event "SportAccord Blitz 2014"]
[Site "Beijing CHN"]
[Date "2014.12.13"]
[Round "23.5"]
[White "Bacrot,E"]
[Black "Mamedyarov,S"]
[Result "0-1"]
[WhiteElo "2718"]
[BlackElo "2765"]

1.d4 Nf6 2.c4 b6 3.Nc3 Bb7 4.d5 e6 5.e4 Bb4 6.Bd3 Bxc3+ 7.bxc3 d6 8.Ne2 Nbd7
9.O-O Nc5 10.Ng3 O-O 11.Be3 Nxd3 12.Qxd3 Re8 13.Bd4 Ba6 14.a4 e5 15.Be3 c6
16.dxc6 Rc8 17.Nf5 Rxc6 18.Bd2 Bxc4 19.Qg3 g6 20.Rfe1 Nh5 21.Qg4 Be6 22.Nh6+ Kg7
23.Qf3 Nf4 24.Bxf4 exf4 25.Qxf4 Qf6 26.Nf5+ gxf5 27.exf5 Bd7  0-1

[Event "SportAccord Blitz 2014"]
[Site "Beijing CHN"]
[Date "2014.12.13"]
[Round "24.1"]
[White "Mamedyarov,S"]
[Black "Wang Hao"]
[Result "1-0"]
[WhiteElo "2765"]
[BlackElo "2710"]

1.d4 d5 2.c4 c6 3.Nf3 Nf6 4.g3 Bf5 5.Nc3 e6 6.Nh4 Bg6 7.Qb3 Qb6 8.Nxg6 hxg6
9.c5 Qc7 10.Bf4 Qc8 11.Bg2 Nbd7 12.O-O Be7 13.Qc2 O-O 14.b4 Re8 15.b5 Bd8
16.bxc6 bxc6 17.e4 dxe4 18.Nxe4 Be7 19.Rab1 Nd5 20.Nd6 Bxd6 21.Bxd6 Qa6 22.Rfe1 Qa5
23.h4 Rac8 24.Rec1 N5f6 25.Rb7 e5 26.Bh3 Rcd8 27.d5 Qa6 28.Qb3 cxd5 29.Bf1 Qc6
30.Qb5 Qxb5 31.Bxb5 Re6 32.Rxa7 Nf8 33.Bxf8 Kxf8 34.c6 Rc8 35.c7 Ke7 36.Ba6 Rxa6
37.Rxa6 d4 38.Rb6 Nd7 39.Rb7 d3 40.a4 Kd6 41.a5 d2 42.Rd1 Kc6 43.Rb2 Rxc7
44.Rbxd2 Nc5 45.Rc2 Ra7 46.Ra1 Kb5 47.Rb1+ Kc6 48.Rb6+ Kd5 49.Rb5  1-0

[Event "SportAccord Blitz 2014"]
[Site "Beijing CHN"]
[Date "2014.12.13"]
[Round "25.1"]
[White "Ponomariov,R"]
[Black "Mamedyarov,S"]
[Result "1-0"]
[WhiteElo "2714"]
[BlackElo "2765"]

1.d4 Nf6 2.c4 b6 3.Nc3 Bb7 4.Qc2 d5 5.cxd5 Nxd5 6.Nf3 g6 7.e4 Nxc3 8.bxc3 Bg7
9.Bg5 O-O 10.Rd1 h6 11.Be3 Nd7 12.Be2 Nf6 13.e5 Nd5 14.Bd2 c5 15.dxc5 Qc7
16.cxb6 axb6 17.c4 b5 18.O-O Nb6 19.c5 Nc4 20.Bb4 Ra4 21.Rb1 Rfa8 22.Bxc4 bxc4
23.a3 Bxf3 24.gxf3 Bxe5 25.Qxc4 Bxh2+ 26.Kg2 Bf4 27.Rbd1 R4a6 28.Rd4 Rf6
29.Rfd1 Re8 30.Rd7 Qc8 31.Qe4 Rf5 32.c6 Rg5+ 33.Kf1 Bh2 34.Qc4 Rg1+ 35.Ke2 Rg5
36.c7 Kg7 37.f4 Rh5 38.Bc3+ f6 39.Bb4 Rh4 40.Qe6 Kh8 41.Qf7 Qa6+ 42.R1d3 Qc8
43.Qxe8+ Qxe8 44.Rd8  1-0

[Event "SportAccord Blitz 2014"]
[Site "Beijing CHN"]
[Date "2014.12.13"]
[Round "26.5"]
[White "Mamedyarov,S"]
[Black "Ivanchuk,V"]
[Result "1/2-1/2"]
[WhiteElo "2765"]
[BlackElo "2704"]

1.d4 Nf6 2.c4 g6 3.Nf3 Bg7 4.Nc3 d5 5.cxd5 Nxd5 6.Bg5 c5 7.Rc1 h6 8.Bh4 Nc6
9.Nxd5 Qxd5 10.Rxc5 Qxa2 11.e3 Qxb2 12.Bc4 Qb4+ 13.Nd2 O-O 14.O-O g5 15.Bg3 e5
16.Rb5 Qe7 17.d5 a6 18.Rb6 Qc5 19.Qb1 Na5 20.Ba2 Bf5 21.Rc1 Qa3 22.e4 Rac8
23.Re1 Bd7 24.h4 g4 25.Nf1 Rc3 26.Kh2 Rfc8 27.Ne3 Rc1 28.Rxc1 Rxc1 29.Qb2 Qxb2
30.Rxb2 b5 31.d6 Nb7 32.Rd2 Kf8 33.Nf5 f6 34.Nxg7 Kxg7 35.Bd5 Nc5 36.f4 exf4
37.Bxf4 b4 38.e5 Re1 39.Rc2 Ne6 40.Bxe6 Bxe6 41.Rc7+ Kg6 42.Re7 Kf5 43.exf6 Kxf6
44.Bxh6 Rd1 45.Bf4 b3 46.Rb7 a5 47.h5 a4 48.h6 Bf5 49.Rb6 a3 50.d7+ Kf7 51.Be5 b2
52.Rf6+ Ke7 53.Rxf5 b1=Q 54.h7  1/2-1/2

[Event "SportAccord Blitz 2014"]
[Site "Beijing CHN"]
[Date "2014.12.13"]
[Round "27.4"]
[White "Nepomniachtchi,I"]
[Black "Mamedyarov,S"]
[Result "1-0"]
[WhiteElo "2714"]
[BlackElo "2765"]

1.e4 e5 2.Nf3 Nc6 3.d4 exd4 4.Nxd4 Bc5 5.Nb3 Bb4+ 6.Bd2 a5 7.a3 Bd6 8.Be3 Nf6
9.Nc3 O-O 10.Bb5 Be5 11.Nd4 Ng4 12.Qxg4 Nxd4 13.Bd3 d6 14.Qd1 Qh4 15.Qd2 Ne6
16.g3 Qh5 17.Be2 Qg6 18.f3 c5 19.Nd5 Kh8 20.O-O-O f5 21.f4 Bd4 22.c3 Bxe3
23.Nxe3 fxe4 24.Qxd6 Qf6 25.Bc4 b5 26.Bxb5 a4 27.Bc4 Ra7 28.f5 Rd7 29.Qb6 Qg5
30.fxe6 Qxe3+ 31.Kb1 Rb7 32.Rd8 Qf3 33.Rf1  1-0

[Event "SportAccord Blitz 2014"]
[Site "Beijing CHN"]
[Date "2014.12.13"]
[Round "29.3"]
[White "Wang Yue"]
[Black "Mamedyarov,S"]
[Result "1/2-1/2"]
[WhiteElo "2720"]
[BlackElo "2765"]

1.c4 b6 2.d4 Bb7 3.Nc3 Nf6 4.Nf3 g6 5.g3 Bg7 6.Bg2 O-O 7.O-O e6 8.Bg5 h6
9.Bxf6 Bxf6 10.Qd2 Bg7 11.e4 d6 12.b4 a5 13.a3 Nd7 14.Rac1 Qe7 15.d5 Ba6
16.Ne2 axb4 17.axb4 exd5 18.exd5 Rfe8 19.Ned4 Qf6 20.Bh3 Ne5 21.Nxe5 Rxe5
22.Nc6 Re4 23.b5 Bb7 24.Rfe1 Rxe1+ 25.Rxe1 Kf8 26.Qe3 h5 27.Bf1 Bxc6 28.dxc6 Qe5
29.Bg2 Qxe3 30.Rxe3 Bd4 31.Re2 Ra1+ 32.Bf1 Rb1 33.Kg2 Rb2 34.Rxb2 Bxb2  1/2-1/2

[Event "SportAccord Blitz 2014"]
[Site "Beijing CHN"]
[Date "2014.12.13"]
[Round "30.1"]
[White "Mamedyarov,S"]
[Black "Vachier Lagrave,M"]
[Result "1/2-1/2"]
[WhiteElo "2765"]
[BlackElo "2758"]

1.d4 Nf6 2.c4 g6 3.Nc3 d5 4.Nf3 Bg7 5.cxd5 Nxd5 6.Bg5 c5 7.Rc1 Nxc3 8.bxc3 Qa5
9.Qd2 cxd4 10.cxd4 Qxd2+ 11.Kxd2 Nc6 12.e3 h6 13.Bh4 Be6 14.Rb1 O-O 15.Bd3 b6
16.Rbc1 Na5 17.Bxe7 Rfc8 18.Bb4 Bxa2 19.Bxa5 bxa5 20.Rxc8+ Rxc8 21.Ra1 Be6
22.Rxa5 Rc7 23.Ne1 Bf8 24.Nc2 Bb3 25.Rb5 Ba4 26.Rb8 Kg7 27.f4 Bd6 28.Rd8 Be7
29.Rb8 a5 30.d5 Rc5 31.Rb7 Bd6 32.Nd4 Rxd5 33.Bc4 Bb4+ 34.Rxb4 Rxd4+ 35.Kc3 axb4+
36.Kxd4 f5 37.Bd3 Kf6 38.g3 Bd7 39.Kc4 Be6+ 40.Kxb4 g5 41.Kc5 gxf4 42.exf4 Bf7
43.Kd6 Be6 44.Bb5 Bf7 45.Bd7 Bc4 46.Kc7 Bf7 47.Kd8 Bh5 48.Bb5 Bf7 49.Kd7 Bh5
50.Bd3 Bf7 51.Kd6 Be6 52.Kc5 Bf7 53.Kd4 Be6 54.Ke3 Bd5 55.Be2 Bc6 56.Kd4 Bd7
57.Kc5 Be6 58.Kd6 Bf7 59.Kd7 Bg6 60.h4 Bf7 61.h5 Be6+ 62.Ke8 Bf7+ 63.Kf8 Be6
64.Bd3 Bd5 65.Bb5 Bf7 66.Be8 Bc4 67.Bg6 Bd5 68.Bxf5 Kxf5 69.Kg7 Kg4 70.Kxh6 Bf7
71.Kg7 Bxh5 72.f5 Kxf5 73.g4+  1/2-1/2

[Event "SportAccord Blitz 2014"]
[Site "Beijing CHN"]
[Date "2014.12.14"]
[Round "11.4"]
[White "Ivanchuk,V"]
[Black "Mamedyarov,S"]
[Result "1-0"]
[WhiteElo "2704"]
[BlackElo "2765"]

1.e4 c6 2.Nc3 d5 3.Nf3 Bg4 4.h3 Bxf3 5.Qxf3 e6 6.d3 Nd7 7.a3 d4 8.Nb1 c5
9.g3 Ngf6 10.Nd2 Rc8 11.Qe2 b5 12.a4 a6 13.axb5 axb5 14.e5 Nd5 15.Bg2 Nb4
16.Nf3 Be7 17.O-O O-O 18.Bd2 Nc6 19.h4 Qc7 20.Rfe1 h6 21.Bf4 Ra8 22.Rab1 Ra2
23.Nh2 Rc8 24.Qh5 Nf8 25.Be4 Nb4 26.Ng4 Nd5 27.Bxd5 exd5 28.e6 Qb7 29.Qxf7+ Kh8
30.Be5 Nxe6 31.Qxe6  1-0

[Event "SportAccord Blitz 2014"]
[Site "Beijing CHN"]
[Date "2014.12.14"]
[Round "18.1"]
[White "Aronian,L"]
[Black "Mamedyarov,S"]
[Result "0-1"]
[WhiteElo "2797"]
[BlackElo "2765"]

1.Nf3 Nf6 2.c4 b6 3.d4 Bb7 4.Nc3 g6 5.d5 Bg7 6.e4 O-O 7.Bd3 e6 8.O-O d6 9.Re1 Nbd7
10.Bg5 h6 11.Bd2 Re8 12.Qc1 Kh7 13.h3 a5 14.Qc2 Nc5 15.Bf1 Nh5 16.Rad1 Qf6
17.Nh2 exd5 18.Ng4 Qh4 19.Nxd5 Bxd5 20.cxd5 Rxe4 21.Rxe4 Nxe4 22.Qxe4 f5
23.Qc4 fxg4 24.hxg4 Be5 25.Bd3 Rf8 26.Be3 Ng3 27.f4 Qh1+ 28.Kf2 Qxd1 29.Kxg3 Qe1+
30.Kf3 Kg7 31.g3 Bf6 32.Qxc7+ Rf7 33.Qc1 Qxc1 34.Bxc1 Bd4 35.b3 Rc7 36.Bd2 Re7
37.a4 Kf7 38.Bc2 Bc5 39.Bd3 Rc7 40.f5 g5 41.Ke4 Re7+ 42.Kf3 Bd4 43.Bb5 Rc7
44.Bc6 Re7 45.Bb5 Kf6 46.Bc4 Ke5 47.Bc1 Kf6 48.Bd2 Re5 49.Kg2 h5 50.gxh5 Rxf5
51.Be1 g4 52.h6 Rh5 53.Bd2 Kf7 54.Bd3 Be5 55.h7 Kg7 56.Be4 Bf6 57.Bf4 Be5
58.Be3 Bf6 59.Bf4 Be7 60.Be3 Bd8 61.Bf4 Be7 62.Be3 Bf6 63.Bf4 Be5 64.Be3 Bc3
65.Bf4 Bb4 66.Bc1 Bc3 67.Bf4 Be5 68.Be3 Rh3 69.Bf2 Kh8 70.Bg6 Rh6 71.Be4 Kg7
72.Bxb6 Rh3 73.Bf2 Rh5 74.Be1 Bf6 75.Bxa5 Re5 76.Bc3 Rxe4 77.Bxf6+ Kxh7 78.Kf2 Rb4
79.Be7 Rxb3 80.Bxd6 Rf3+ 81.Ke2 Rf5 82.a5 Rxd5 83.Bc7 Rc5 84.Bb6 Rb5 85.Ke3 Kg6
86.Kf4 Rb4+ 87.Ke5 Rb3 88.Kf4 Kh5 89.Bc7 Rc3 90.Bd6 Rc6 91.Be7 Rc3 92.Bd6 Rd3
93.Bc7 Rc3 94.Bd6 Rc6 95.Be7 Ra6 96.Bd8 Re6 97.Kf5 Rd6 98.Bc7 Rc6 99.Bf4 Rc5+
100.Kf6 Rxa5 101.Bd2 Ra2 102.Bf4 Rf2 103.Kf5 Rf1 104.Ke4 Kg6 105.Be5 Rf3
106.Bf4 Kf6 107.Bb8 Rb3 108.Bd6 Ke6 109.Bc5 Rxg3 110.Kf4 Rc3 111.Be3 Rc4+
112.Kg3 Kf5 113.Ba7 Rc3+ 114.Kg2 Rb3 115.Bc5 Rb2+ 116.Kg3 Rb3+ 117.Kg2 Rd3
118.Ba7 Rc3 119.Bb8 Kg5 120.Bd6 Re3 121.Bc7 Rd3 122.Be5 Rd2+ 123.Kg3 Rd3+
124.Kg2 Rd7 125.Bb8 Rd2+ 126.Kg3 Rd3+ 127.Kg2 Kh4 128.Bf4 Ra3  0-1

[Event "SportAccord Blitz 2014"]
[Site "Beijing CHN"]
[Date "2014.12.15"]
[Round "21.7"]
[White "Mamedyarov,S"]
[Black "Dominguez Perez,L"]
[Result "1-0"]
[WhiteElo "2765"]
[BlackElo "2726"]

1.d4 Nf6 2.c4 g6 3.Nf3 Bg7 4.g3 c6 5.Bg2 d5 6.Qb3 O-O 7.O-O Qb6 8.Nc3 Rd8
9.Re1 Bf5 10.Qxb6 axb6 11.cxd5 Nxd5 12.e4 Nxc3 13.bxc3 Be6 14.a4 b5 15.Ba3 bxa4
16.Bxe7 Re8 17.Ba3 Nd7 18.Nd2 b5 19.e5 Rec8 20.Ne4 Nb6 21.Nd6 Rc7 22.Bc5 Ra6
23.Bxb6 Rxb6 24.c4 Bf8 25.Reb1 Rd7 26.Bf1 Rd8 27.d5 cxd5 28.c5 Rc6 29.Bxb5 Rxc5
30.Nb7 Rb8 31.Nxc5 Bxc5 32.Bxa4 Rxb1+ 33.Rxb1 Bd4 34.Bc6 Bxe5 35.Rb5 Kg7
36.Bxd5 Bxd5 37.Rxd5 Bf6 38.g4 Bh4 39.Kg2 h6 40.Rd2 Kg8 41.Kh3 Bg5 42.Rd4 Bf6
43.Rc4 Be7 44.Rc6 Kg7 45.Kg3 Bf6 46.Rc5 Be7 47.Rb5 Bd6+ 48.Kg2 Be7 49.Kh3 Bd8
50.Rd5 Bc7 51.Kg2 Bf4 52.h4 Kf6 53.Kf3 Bc7 54.Ke4 Kg7 55.h5 Bb6 56.hxg6 Bxf2
57.gxf7 Bh4 58.Rf5 Be7 59.Kd5 Ba3 60.Ke6 Bb4 61.Rb5 Ba3 62.Rb8 Bf8 63.Rc8  1-0

[Event "SportAccord Basque 2014"]
[Site "Beijing CHN"]
[Date "2014.12.16"]
[Round "1.9"]
[White "Mamedyarov,S"]
[Black "Wang Yue"]
[Result "1/2-1/2"]
[WhiteElo "2765"]
[BlackElo "2720"]

1.b3 Nf6 2.Bb2 d5 3.e3 g6 4.c4 Bg7 5.cxd5 O-O 6.Nf3 Nbd7 7.Qc2 Nxd5 8.Bxg7 Kxg7
9.e4 N5b6 10.d4 Re8 11.a4 a5 12.Qc3 Nf6 13.Nbd2 Bg4 14.Ne5 Qd6 15.d5 Bd7
16.Rc1 e6 17.dxe6 Rxe6 18.f4 Bc6 19.Bd3 Rd8 20.O-O Qd4+ 21.Qxd4 Rxd4 22.Ndf3 Rb4
23.Ng5 Re7 24.Nxc6 bxc6 25.Rxc6 Rxb3 26.Bc2 Rb2 27.f5 h6 28.fxg6 hxg5 29.Rfxf6 Rxc2
30.gxf7 Nd7 31.Rg6+ Kxf7 32.Rxc2 Kxg6 33.Rxc7 Kf6 34.Ra7 Nc5 35.Rxa5 Nxe4
36.Ra8 Rb7 37.h3 Rb2 38.a5 Ra2 39.a6 Kg7 40.a7 Nc3 41.Rc8 Ne2+ 42.Kf2 Nf4+
43.Kf3 Rxa7 44.h4 Ne6 45.hxg5 Nxg5+ 46.Kg4 Nf7 47.Rc3 Kf6 48.Rf3+ Kg6 49.Re3 Ra4+
50.Kg3 Ng5 51.Rb3 Ne4+ 52.Kh2 Kg5 53.Re3  1/2-1/2

[Event "SportAccord Basque 2014"]
[Site "Beijing CHN"]
[Date "2014.12.16"]
[Round "1.10"]
[White "Wang Yue"]
[Black "Mamedyarov,S"]
[Result "1/2-1/2"]
[WhiteElo "2720"]
[BlackElo "2765"]

1.c4 g6 2.Nc3 Bg7 3.d4 f5 4.Nf3 Nf6 5.g3 O-O 6.Bg2 d6 7.O-O c6 8.Rb1 Qc7
9.d5 e5 10.dxe6 Bxe6 11.b3 Na6 12.Qc2 Nc5 13.Rd1 Rad8 14.Ng5 Bc8 15.b4 Ne6
16.b5 Nc5 17.bxc6 bxc6 18.Na4 Nxa4 19.Qxa4 h6 20.Nf3 Ne4 21.Bd2 Nxd2 22.Rxd2 Bd7
23.Rbd1 c5 24.Qc2 Kh7 25.h4 Qa5 26.h5 Ba4 27.hxg6+ Kh8 28.Qc1 Bxd1 29.Qxd1 f4
30.gxf4 Rxf4 31.Rxd6 Rdf8 32.Rd7 Qc3 33.Rxa7 Rxc4 34.Rf7 Qc1 35.Qxc1 Rxc1+
36.Kh2 c4 37.Nd4 c3 38.Be4 Be5+ 39.f4 Rxf7 40.gxf7 Bxf4+ 41.Kg2 Bd6 42.a4 Be7
43.a5 Ra1 44.Nb5 Rxa5 45.Nxc3 Kg7 46.Nd5 Bf8 47.Bf3 Kxf7 48.Nf4 Bd6 49.Nh3 Kf6
50.Nf2 Rg5+ 51.Kf1 Ke7 52.Ne4 Ra5 53.Kg2 Bc7 54.Kh3 Kf7 55.Nf2 Kf6 56.Ng4+ Kg5
57.Nf2 Kf4 58.Ng4 Rh5+ 59.Kg2 Rg5 60.Kh3 Rh5+ 61.Kg2 Rg5 62.Kh3 Rg7 63.Kh4 Rg5  1/2-1/2

[Event "SportAccord Basque 2014"]
[Site "Beijing CHN"]
[Date "2014.12.16"]
[Round "2.7"]
[White "Harikrishna,P"]
[Black "Mamedyarov,S"]
[Result "1-0"]
[WhiteElo "2727"]
[BlackElo "2765"]

1.Nf3 f5 2.g3 Nf6 3.Bg2 g6 4.d4 Bg7 5.c4 d6 6.Nc3 O-O 7.O-O c6 8.d5 e5 9.dxe6 Bxe6
10.Qd3 Nbd7 11.Bf4 d5 12.Ng5 dxc4 13.Qd6 Bf7 14.Ne6 Bxe6 15.Qxe6+ Kh8 16.Qxc4 Re8
17.Rad1 Qa5 18.b4 Qb6 19.Na4 Qd8 20.Nc5 Qc8 21.Nxd7 Nxd7 22.b5 Nb6 23.Qf7 Qe6
24.Qxb7 cxb5 25.Qa6 Rad8 26.Qxb5 Qxa2 27.Bc7 Rc8 28.Bb7 Rb8 29.Bxb8 Rxb8
30.Bf3 Qc4 31.Qa5 Qa4 32.Rd5 Qc4 33.Qxa7 Qc8 34.Rd6 Nc4 35.Rc6  1-0

[Event "SportAccord Basque 2014"]
[Site "Beijing CHN"]
[Date "2014.12.16"]
[Round "2.8"]
[White "Mamedyarov,S"]
[Black "Harikrishna,P"]
[Result "1/2-1/2"]
[WhiteElo "2765"]
[BlackElo "2727"]

1.g3 g6 2.Bg2 d5 3.f4 Nf6 4.Nf3 Bg7 5.O-O O-O 6.d3 Nc6 7.Qe1 Re8 8.Ne5 Nxe5
9.fxe5 Ng4 10.d4 f6 11.h3 Nh6 12.Bf4 Nf7 13.Qc3 c6 14.Nd2 fxe5 15.dxe5 g5
16.Be3 Bxe5 17.Qd3 Bf6 18.c4 Be6 19.cxd5 Bxd5 20.Ne4 Bxe4 21.Qxe4 Qd6 22.Rad1 Qxg3
23.Rd7 Qe5 24.Qxe5 Nxe5 25.Rxb7 Reb8 26.Rxb8+ Rxb8 27.b3 a5 28.Rc1 a4 29.bxa4 Ra8
30.Bd4 Rxa4 31.Bxe5 Bxe5 32.Bxc6 Ra3 33.Bd5+ Kg7 34.Bb3 h5 35.Kg2 Bd6 36.Kf3 Ra5
37.a4 Kf6 38.Rc8 Ke5 39.Rc4 Kf6 40.Rc8 Ke5 41.Rc4 Kf6 42.Rc8 Ke5 43.Rc4  1/2-1/2